[Event "POL-ch Seniors"]
[Site "Swietochlowice"]
[Date "2008.10.04"]
[Round "6.7"]
[White "Nowakowski, Sebastian"]
[Black "Kastelik, Adrian"]
[Result "1/2-1/2"]
[WhiteElo "1919"]
[BlackElo "1916"]
[PlyCount "30"]
[EventDate "2008.09.30"]
[EventType "swiss"]
[EventRounds "9"]
[EventCountry "POL"]
[SourceTitle "EXT 2023"]
[Source "ChessBase"]
[SourceDate "2022.10.05"]
[SourceVersion "1"]
[SourceVersionDate "2022.10.05"]
[SourceQuality "1"]

1. e4 e5 2. Nf3 Nc6 3. Bb5 Nf6 4. 0-0 Nxe4 5. d4 Nd6 6. Bxc6 dxc6 7. dxe5 Nf5 8. Qxd8+ Kxd8 9. Nbd2 Be7 10. Ne4 Be6 11. Bf4 Ke8 12. Rad1 h5 13. b3 Bd5 14. Ned2 Rd8 15. c4 Bxf3 1/2-1/2

[Event "POL-ch Seniors"]
[Site "Swietochlowice"]
[Date "2008.09.30"]
[Round "1.1"]
[White "Kubit, Tomasz"]
[Black "Nowakowski, Sebastian"]
[Result "1-0"]
[WhiteElo "2180"]
[BlackElo "1919"]
[PlyCount "31"]
[EventDate "2008.09.30"]
[EventType "swiss"]
[EventRounds "9"]
[EventCountry "POL"]
[SourceTitle "EXT 2023"]
[Source "ChessBase"]
[SourceDate "2022.10.05"]
[SourceVersion "1"]
[SourceVersionDate "2022.10.05"]
[SourceQuality "1"]

1. e4 c5 2. Nf3 d6 3. d4 cxd4 4. Nxd4 Nf6 5. Nc3 a6 6. g3 e6 7. Bg2 Be7 8. 0-0 0-0 9. Be3 Nbd7 10. Qe2 e5 11. Nf5 Nc5 12. Nxe7+ Qxe7 13. b4 Ne6 14. Nd5 Nxd5 15. exd5 Nf4 16. Bxf4 1-0